• 首页
  • 本馆介绍
  • 公告通知
  • 最新文献
  • 馆藏检索
  • 电子资源
  • 读者导购
  • 参考咨询
  • 我的图书馆
  • 登录
  • 详细信息显示
  • 放入我的书架
  • 预约/预借图书
  • 作者相关作品
  • 分类相关作品
  • 丛书相关作品
  • 出版社相关作品

书目信息

  • 表格格式
  • 工作单格式
  • 卡片格式
题名:
科幻海洋
    
 
作者: ;《科幻海洋》编辑部 编辑
分册: 第一辑  
出版信息: 北京   海洋出版社  1981
页数: 377页
开本: 26cm
丛书名: 科学幻想小说丛刊
单 册:
中图分类: I14
科图分类:
主题词: 科学幻想小说--世界--现代--选集
电子资源:
ISBN:
000 00686nam2 2200241 45
001 0182000306
005 20060418155537.40
010    @dCNY1.00
091    @a10193.0061
100    @a19960215d1981 em y0chiy0121 ea
101 0  @achi
102    @aCN@b110000
105    @ay z 000ay
200 10 @a科幻海洋@Ake huan hai yang@h第一辑@f《科幻海洋》编辑部编辑@F《Ke Huan Hai Yang》Bian Ji Bu Bian Ji
210    @a北京@c海洋出版社@d1981
215    @a377页@d26cm
225 2  @a科学幻想小说丛刊
410  0 @120010@a科学幻想小说丛刊
606    @a科学幻想小说@y世界@z现代@x选集
690    @aI14@v3
711  0 @a《科幻海洋》编辑部@4编辑
801  0 @aCN@bNLC@c20060418
905    @dI14@e1/81
    
    科幻海洋.第一辑/《科幻海洋》编辑部编辑.-北京:海洋出版社,1981
    377页;26cm.-(科学幻想小说丛刊)
    
    
    ISBN :CNY1.00
    
●
相关链接 在E读中查询图书 在五车中查询图书 在当当中查询图书 在豆瓣中查询图书


正题名:科幻海洋     索取号:I14/1/81         预约/预借

序号 登录号 条形码 馆藏地/架位号 状态 备注
1 0042606   000051883   第二借阅区/ [索取号:I14/1/81] 在馆    
2 0042607   001925983   密集书库/ [索取号:I14/1/81] 在馆    
3 0042608   000051892   第二借阅区/ [索取号:I14/1/81] 在馆    
4 0042609   202247933   密集书库/ [索取号:I14/1/81] 在馆    
唐山师范学院图书馆 欢迎您!
大连网信软件有限公司© 版权所有